Hodnotenie vývoja úmrtnosti
Hodnotenie vývoja úmrtnosti. Vývoj úmrtnosti v SR v rokoch 1960-2001.Vývoj úmrtnosti mužov podľa vekových skupín v SR. Vývoj úmrtnosti žien podľa vekových skupín. Vývoj úhrnnej miery úmrtnosti.
Gespeichert in:
| 1. Verfasser: | |
|---|---|
| Weitere Verfasser: | |
| Format: | Buchkapitel |
| Sprache: | Slowakisch |
| Schlagworte: | |
| Tags: |
Keine Tags, Fügen Sie das erste Tag hinzu!
|
MARC
| LEADER | 00000naa a2200000 4500 | ||
|---|---|---|---|
| 001 | r049643 | ||
| 005 | 20230906074253.1 | ||
| 041 | 0 | |a slo | |
| 044 | |a SK | ||
| 245 | 1 | 0 | |a Hodnotenie vývoja úmrtnosti |c Ján Mészáros, Boris Vaňo |
| 520 | |a Hodnotenie vývoja úmrtnosti. Vývoj úmrtnosti v SR v rokoch 1960-2001.Vývoj úmrtnosti mužov podľa vekových skupín v SR. Vývoj úmrtnosti žien podľa vekových skupín. Vývoj úhrnnej miery úmrtnosti. | ||
| 610 | 2 | 0 | |a úmrtnosť |
| 610 | 2 | 0 | |a demografia |
| 610 | 2 | 0 | |a muži |
| 610 | 2 | 0 | |a ženy |
| 610 | 2 | 0 | |a Slovensko |
| 610 | 2 | 0 | |a ukazovatele štatistické |
| 610 | 2 | 0 | |a skupiny vekové |
| 610 | 2 | 0 | |a 1960-2001 |
| 100 | 1 | |a Mészáros, Ján | |
| 700 | 1 | |a Vaňo, Boris | |